| 000 | 00673nam a2200205 i 4500 | ||
|---|---|---|---|
| 001 | 135060 | ||
| 003 | ES-MaACL | ||
| 005 | 20230906194810.0 | ||
| 007 | t| | ||
| 008 | 070706m19721973sp ||||1| spa d | ||
| 080 | _a23(02) | ||
| 100 | 1 |
_aTillich, Paul. _9110266 |
|
| 245 | 1 | 0 |
_aTeología sistemática / _cPaul Tillich ; traductor, Damián Sánchez-Bustamante Pèz. |
| 250 | _a[1ª ed.]. | ||
| 260 |
_aBarcelona : _bAriel, _c[1972-1973] |
||
| 300 |
_a2 v. ; _c22 cm. |
||
| 505 | 8 | _aContiene: v. I. La razón y la revelación, El ser y Dios.-- v. II. La existencia y Cristo | |
| 700 | 0 |
_aSánchez Bustamante, Damián. _9102511 |
|
| 852 |
_aES-MaACL _jP-1751 _bR.82569 |
||
| 999 |
_c135060 _d135060 |
||